000
00253nam a22001097a 4500
999
_c
167743
_d
167743
082
_a
_b
100
_a
Chandra Sekhar
245
_a
Ritikaleen swachand kavyadhara/
_c
by Chandra Sekhar.
260
_a
New Delhi:
_b
Rajpal,
_c
650
_a
942
_c
BK